FINEX '95 3. medzinárodný veľtrh finančníctva, bankovníctva a poisťovníctva. Banská Bystrica 19.-22. september 1995
Saved in:
| Format: | Book |
|---|---|
| Language: | Slovak |
| Published: |
Banská Bystrica
M.O.Enterprise
1995
|
| Edition: | 1. vyd. |
| Subjects: | |
| Tags: |
No Tags, Be the first to tag this record!
|
MARC
| LEADER | 00000nam a2200000 4500 | ||
|---|---|---|---|
| 001 | c012577 | ||
| 005 | 20221214071043.1 | ||
| 020 | |a 80-85342-12-X | ||
| 041 | 0 | |a slo | |
| 044 | |a SK | ||
| 245 | 1 | 0 | |a FINEX '95 |b 3. medzinárodný veľtrh finančníctva, bankovníctva a poisťovníctva. Banská Bystrica 19.-22. september 1995 |
| 250 | |a 1. vyd. | ||
| 264 | 1 | |a Banská Bystrica |b M.O.Enterprise |c 1995 | |
| 300 | |a 92 s. | ||
| 610 | 2 | 0 | |a financie |
| 610 | 2 | 0 | |a bankovníctvo |
| 610 | 2 | 0 | |a poisťovníctvo |
| 610 | 2 | 0 | |a veľtrhy |